Southville International School and Colleges
Your cart is empty.
  • Cart
  • Lists
    Public lists Eva Luna New books Lux_list list_1
    Your lists Log in to create your own lists
  • Log in to your account
  • Your cookies
  • Search history
Southville International School and Colleges
  • Advanced search
  • Recent comments
  • Most popular
  • Libraries

Log in to your account

Log in with GOOGLE


If you do not have an external account, but do have a local account, you can still log in:

  1. Home
  2. MARC view: A Yacht Voyage to Norway, Denmark, and Sweden :
Normal view MARC view ISBD view

A Yacht Voyage to Norway, Denmark, and Sweden : (Record no. 257328)

[ view plain ]
MARC details
000 -LEADER
fixed length control field 00700cam a22002413a 4500
001 - CONTROL NUMBER
control field 28073
003 - CONTROL NUMBER IDENTIFIER
control field PGUSA
005 - DATE AND TIME OF LATEST TRANSACTION
control field 20140828083615.0
008 - FIXED-LENGTH DATA ELEMENTS--GENERAL INFORMATION
fixed length control field 090214s2009||||xxu|||||s|||||000 | eng d
040 ## - CATALOGING SOURCE
Original cataloging agency PGUSA
Language of cataloging eng
042 ## - AUTHENTICATION CODE
Authentication code dc
050 #4 - LIBRARY OF CONGRESS CALL NUMBER
Classification number DL
100 1# - MAIN ENTRY--PERSONAL NAME
Personal name Ross, William A.
245 12 - TITLE STATEMENT
Title A Yacht Voyage to Norway, Denmark, and Sweden :
Remainder of title 2nd edition
Medium [electronic resource] /
Statement of responsibility, etc William A. Ross
260 ## - PUBLICATION, DISTRIBUTION, ETC. (IMPRINT)
Name of publisher, distributor, etc Project Gutenberg,
Date of publication, distribution, etc 2009
506 ## - RESTRICTIONS ON ACCESS NOTE
Terms governing access Public domain in the USA.
516 ## - TYPE OF COMPUTER FILE OR DATA NOTE
Type of computer file or data note Electronic text
653 ## - INDEX TERM--UNCONTROLLED
Uncontrolled term Scandinavia -- Description and travel
653 ## - INDEX TERM--UNCONTROLLED
Uncontrolled term Yachting
830 #0 - SERIES ADDED ENTRY--UNIFORM TITLE
Uniform title Project Gutenberg
Volume number/sequential designation 28073
856 40 - ELECTRONIC LOCATION AND ACCESS
Uniform Resource Identifier <a href="http://www.gutenberg.org/ebooks/28073">http://www.gutenberg.org/ebooks/28073</a>
942 ## - ADDED ENTRY ELEMENTS (KOHA)
Koha item type eBooks
Holdings
Withdrawn status Lost status Damaged status Home library Current library Date acquired Total Checkouts Date last seen Price effective from Koha item type
      Project Gutenberg Project Gutenberg 08/28/2014   08/28/2014 08/28/2014 eBooks

A Yacht Voyage to Norway, Denmark, and Sweden :

APA

Ross W. A., . (2009). A Yacht Voyage to Norway, Denmark, and Sweden. : Project Gutenberg.

Chicago

Ross William A, . 2009. A Yacht Voyage to Norway, Denmark, and Sweden. : Project Gutenberg.

Harvard

Ross W. A., . (2009). A Yacht Voyage to Norway, Denmark, and Sweden. : Project Gutenberg.

MLA

Ross William A, . A Yacht Voyage to Norway, Denmark, and Sweden. : Project Gutenberg. 2009.

  • Place hold
  • Print
  • Cite
  • Add to your cart (remove)
  • Save record
    BIBTEX Dublin Core MARCXML MARC (non-Unicode/MARC-8) MARC (Unicode/UTF-8) MARC (Unicode/UTF-8, Standard) MODS (XML) RIS
  • More searches
    Search for this title in:
    Other Libraries (WorldCat) Other Databases (Google Scholar) Online Stores (Bookfinder.com) Open Library (openlibrary.org)

Exporting to Dublin Core...

SOUTHVILLE LIBRARY

Southville International School and Colleges Library

1281 Tropical Ave. Cor. Luxembourg St., BF Homes International, Las Pinas City

Tel. No. 8256374 / 252358 Loc. 117/146

Powered by Koha